01215cam a2200289 a 450000100070000000500170000700800410002401000170006502000220008202000220010405000200012610000310014624502090017725000120038626000300039830000410042850400250046960000440049461000480053865000710058665000590065765000820071670000210079870000210081971000480084074000370088848120120170204105208.0840208s1984 nyua b 000 0 eng  a 84047748  a0394726480 (pbk.) a0394539729 (hard)00aN8065 .H66 19841 aSelby, Linn Howard,d1932-14aThe angel tree :bthe Loretta Hines Howard Collection of eighteenth-century Neapolitan crèche figures at the Metropolitan Museum of Art /cLinn Howard and Mary Jane Pool ; photographs by Elliott Erwitt. a1st ed. aNew York :bKnopf,c1984. a79 p. :bchiefly col. ill. ;c28 cm. aBibliography: p. 79.10aHoward, Loretta HinesxArt collections.20aMetropolitan Museum of Art (New York, N.Y.) 0aCrèches (Nativity scenes)zItalyzNaplesxHistoryy18th century. 0aDecorative artszItalyzNaplesxHistoryy18th century. 0aCrèches (Nativity scenes)xPrivate collectionszNew York (State)zNew York.1 aPool, Mary Jane.1 aErwitt, Elliott.2 aMetropolitan Museum of Art (New York, N.Y.)0 aLoretta Hines Howard Collection.